000 00477nam a2200181Ia 4500
008 100920s9999 xx 000 0 und d
082 _b31252
_a8 0
100 _aKNOX GEORGE WILLIAM.
245 _aIMPERIAL JAPAN.
260 _bGEORGE NEWNES LIMITED, LONDON.
_c0
300 _a299
_bसाधी
365 _b0
520 _aहिस्ट्नी.
630 _aIMPERIAL JAPAN.
650 _aहिस्ट्नी.
730 _aIMPERIAL JAPAN.
942 _cBOOK
999 _c686526
_d686523